Länder, Territorien, Hauptstädte, Gewässer (ohne Karte) - Statistiken

Allgemein
  • Dieses Quiz wurde 24 mal gespielt
  • Das Durchschnittsergebnis liegt bei 165 aus 621
Antworten auf der Karte
Die Antworten werden auf der Karte rot bzw. grün angezeigt, abhängig davon wie oft sie richtig erraten wurden.
 
Antwortstatistiken
Antwort % Korrekt
Deutschland
75%
Kanada
75%
Russland
75%
Vereinigte Staaten
75%
Dänemark
69%
Mexiko
69%
Mexiko Stadt
69%
Polen
69%
Argentinien
63%
Belgien
63%
Brasilien
63%
Chile
63%
Frankreich
63%
Guatemala
63%
Guatemala Stadt
63%
Irland
63%
Island
63%
Italien
63%
Niederlande
63%
Norwegen
63%
Österreich
63%
Portugal
63%
Spanien
63%
Tschechien
63%
Uruguay
63%
Andorra
56%
Australien
56%
Belarus
56%
China
56%
Estland
56%
Finnland
56%
Kolumbien
56%
Kroatien
56%
Kuba
56%
Lettland
56%
Litauen
56%
Luxemburg
56%
Malta
56%
Panama
56%
Paraguay
56%
Peru
56%
Schweden
56%
Schweiz
56%
Türkei
56%
Venezuela
56%
Afghanistan
50%
Belize
50%
Berlin
50%
Bolivien
50%
Costa Rica
50%
Dominikanische Republik
50%
El Salvador
50%
Ghana
50%
Haiti
50%
Irak
50%
Iran
50%
Jamaika
50%
Kasachstan
50%
Montenegro
50%
Moskau
50%
Neuseeland
50%
Nicaragua
50%
Niger
50%
Nordmazedonien
50%
Serbien
50%
Slowakei
50%
Slowenien
50%
St. Lucia
50%
Ukraine
50%
Ungarn
50%
Vatikanstadt
50%
Ägypten
44%
Albanien
44%
Ankara
44%
Bahamas
44%
Brüssel
44%
Bulgarien
44%
Dominica
44%
Ecuador
44%
Elfenbeinküste
44%
England
44%
Georgien
44%
Griechenland
44%
Grönland
44%
Guyana
44%
Indien
44%
Indischer Ozean
44%
Indonesien
44%
Israel
44%
Japan
44%
Jemen
44%
Kiew
44%
Kosovo
44%
Madagaskar
44%
Moldawien
44%
Monaco
44%
Mongolei
44%
Nigeria
44%
Nordkorea
44%
Oslo
44%
Papua-Neuguinea
44%
Paris
44%
Philippinen
44%
Rom
44%
Rumänien
44%
Südafrika
44%
Südkorea
44%
Suriname
44%
Trinidad und Tobago
44%
Turkmenistan
44%
Tuvalu
44%
Washington D.C.
44%
Zypern
44%
Algerien
38%
Amsterdam
38%
Antarktis
38%
Antigua und Barbuda
38%
Armenien
38%
Atlantischer Ozean
38%
Bangladesch
38%
Barbados
38%
Bern
38%
Bhutan
38%
Brasília
38%
Budapest
38%
Burkina Faso
38%
Demokratische Republik Kongo
38%
Dublin
38%
Fidschi
38%
Helsinki
38%
Honduras
38%
Kairo
38%
Kap Verde
38%
Katar
38%
Kenia
38%
Kingston
38%
Kingstown
38%
Kirgisistan
38%
Kopenhagen
38%
Kuwait
38%
Kuwait Stadt
38%
Laos
38%
Libyen
38%
Lima
38%
Lissabon
38%
Ljubljana
38%
London
38%
Madrid
38%
Mali
38%
Marshallinseln
38%
Mauretanien
38%
Mikronesien
38%
Minsk
38%
Nauru
38%
Ottawa
38%
Pakistan
38%
Palau
38%
Pazifischer Ozean
38%
Prag
38%
Republik Kongo
38%
Riga
38%
Salomonen
38%
Samoa
38%
San Marino
38%
Santiago de Chile
38%
Saudi-Arabien
38%
Senegal
38%
Sofia
38%
Sri Lanka
38%
St. Kitts und Nevis
38%
Stockholm
38%
Syrien
38%
Tallinn
38%
Togo
38%
Tonga
38%
Tschad
38%
Usbekistan
38%
Vanuatu
38%
Vereinigte Arabische Emirate
38%
Vietnam
38%
Warschau
38%
Wien
38%
Zentralafrikanische Republik
38%
Angola
31%
Äquatorialguinea
31%
Arktischer Ozean
31%
Aserbaidschan
31%
Asunción
31%
Athen
31%
Äthiopien
31%
Bagdad
31%
Bahrain
31%
Belgrad
31%
Belmopan
31%
Benin
31%
Bischkek
31%
Bogotá
31%
Botswana
31%
Bratislava
31%
Brunei
31%
Buenos Aires
31%
Bukarest
31%
Burundi
31%
Canberra
31%
Caracas
31%
Damaskus
31%
Dschibuti
31%
Duschanbe
31%
Eritrea
31%
Eswatini
31%
Gabun
31%
Gambia
31%
Golf von Mexiko
31%
Grenada
31%
Guinea
31%
Guinea-Bissau
31%
Jerusalem
31%
Jordanien
31%
Kabul
31%
Kambodscha
31%
Kamerun
31%
Kiribati
31%
Komoren
31%
Lesotho
31%
Libanon
31%
Liberia
31%
Malawi
31%
Malaysia
31%
Malé
31%
Managua
31%
Marokko
31%
Mauritius
31%
Mittelmeer
31%
Montevideo
31%
Mosambik
31%
Myanmar
31%
Namibia
31%
Nepal
31%
Nikosia
31%
Nordsee
31%
Oman
31%
Ostsee
31%
Ost-Timor
31%
Port Louis
31%
Pretoria / Kapstadt / Bloemfontein
31%
Quito
31%
Reykjavík
31%
Ruanda
31%
Sambia
31%
San José
31%
San Salvador
31%
São Tomé
31%
Sarajevo
31%
Schottland
31%
Seychellen
31%
Sierra Leone
31%
Simbabwe
31%
Singapur
31%
Skopje
31%
Somalia
31%
St. Vincent und die Grenadinen
31%
Sudan
31%
Südsudan
31%
Tadschikistan
31%
Taiwan
31%
Tansania
31%
Teheran
31%
Thailand
31%
Tiflis
31%
Tirana
31%
Tunesien
31%
Uganda
31%
Vaduz
31%
Valletta
31%
Vilnius
31%
Zagreb
31%
Abu Dhabi
25%
Abuja
25%
Accra
25%
Addis Abeba
25%
Algier
25%
Amman
25%
Antananarivo
25%
Apia
25%
Ärmelkanal
25%
Asmara
25%
Astana
25%
Baku
25%
Bamako
25%
Bandar Seri Begawan
25%
Bangkok
25%
Bangui
25%
Banjul
25%
Basseterre
25%
Beirut
25%
Bissau
25%
Brazzaville
25%
Bridgetown
25%
Chișinău
25%
Conakry
25%
Dakar
25%
Dhaka
25%
Dodoma
25%
Doha
25%
Freetown
25%
Gaborone
25%
Georgetown
25%
Gitega
25%
Guam
25%
Hanoi
25%
Harare
25%
Havanna
25%
Honiara
25%
Jakarta
25%
Jaunde
25%
Jerewan
25%
Juba
25%
Kampala
25%
Karibisches Meer
25%
Kathmandu
25%
Khartum
25%
Kigali
25%
Kinshasa
25%
Kuala Lumpur
25%
Libreville
25%
Lilongwe
25%
Lomé
25%
Luanda
25%
Lusaka
25%
Majuro
25%
Malabo
25%
Malediven
25%
Manama
25%
Manila
25%
Maputo
25%
Maseru
25%
Maskat
25%
Mbabane
25%
Mogadischu
25%
Monrovia
25%
Moroni
25%
Nairobi
25%
Nassau
25%
Naypyidaw
25%
N'Djamena
25%
Neu-Delhi
25%
Ngerulmud
25%
Niamey
25%
Nouakchott
25%
Nuku'alofa
25%
Ouagadougou
25%
Palikir
25%
Paramaribo
25%
Peking
25%
Phnom Penh
25%
Pjöngjang
25%
Podgorica
25%
Port-au-Prince
25%
Port Moresby
25%
Port of Spain
25%
Port Vila
25%
Praia
25%
Pristina
25%
Rabat
25%
Riad
25%
Rotes Meer
25%
Sanaa
25%
Santo Domingo
25%
Seoul
25%
South Tarawa
25%
Sri Jayewardenepura Kotte / Colombo
25%
St. George
25%
St. John’s
25%
Sucre
25%
Suva
25%
Taschkent
25%
Tegucigalpa
25%
Thimphu
25%
Tokio
25%
Tripolis
25%
Tunis
25%
Vientiane
25%
Wales
25%
Wellington
25%
Yamoussoukro
25%
Yaren
25%
Aruba
19%
Aschgabat
19%
Beringmeer
19%
Bosnien und Herzegowina
19%
Castries
19%
Curaçao
19%
Dili
19%
Französisch-Guyana
19%
Französisch-Polynesien
19%
Funafuti
19%
Golf von Bengalen
19%
Hongkong
19%
Islamabad
19%
Japanisches Meer
19%
Nordirland
19%
Ostchinesisches Meer
19%
Palästina
19%
Panamakanal
19%
Persischer Golf
19%
Porto-Novo
19%
Puerto Rico
19%
Roseau
19%
Schwarzes Meer
19%
Südchinesisches Meer
19%
Taipeh
19%
Tasmanien
19%
Tibet
19%
Ulan Bator
19%
Victoria
19%
Westsahara
19%
Windhuk
19%
Adriatisches Meer
13%
Arabisches Meer
13%
Azoren
13%
Balearen-Meer
13%
Beaufortsee
13%
Bottnischer Meeresbusen
13%
Cookinseln
13%
Gelbes Meer
13%
Golf von Aden
13%
Golf von Biskaya
13%
Golf von Guinea
13%
Golf von Kalifornien
13%
Golf von Thailand
13%
Grönlandsee
13%
Guadeloupe
13%
Ionisches Meer
13%
Javasee
13%
Kaliningrad
13%
Kaspisches Meer
13%
Kattegat
13%
Korsika
13%
Krim
13%
Mayotte
13%
Neukaledonien
13%
Niue
13%
Reunion
13%
Saint-Barthélemy
13%
Saint Martin
13%
Saint-Pierre und Miquelon
13%
São Tomé und Príncipe
13%
Sint Maarten
13%
Skagerrak
13%
Spitzbergen
13%
St. Helena
13%
Straße von Gibraltar
13%
Straße von Hormus
13%
Straße von Malakka
13%
Straße von Mosambik
13%
Suezkanal
13%
Tasmansee
13%
Wake Island
13%
Weißes Meer
13%
Abchasien
6%
Abyei
6%
Ägäisches Meer
6%
Akrotiri und Dekelia
6%
Aksai Chin
6%
Åland
6%
Alboránmeer
6%
Amerikanische Jungferninseln
6%
Amerikanisch-Samoa
6%
Amundsensee
6%
Andamanensee
6%
Anguilla
6%
Arafurasee
6%
Arunachal Pradesh
6%
Ascension
6%
Aswosches Meer
6%
Bab al-Mandab
6%
Baffin-Bucht
6%
Balisee
6%
Bandasee
6%
Barentsee
6%
Baskenland
6%
Bass-Straße
6%
Bellingshausensee
6%
Bergkarabach
6%
Beringstraße
6%
Bermuda
6%
Bir Tawil
6%
Bismarcksee
6%
Bonaire
6%
Bosporus
6%
Bougainville
6%
Bouvetinsel
6%
Bristolkanal
6%
Britische Jungferninseln
6%
Britisches Territorium im Indischen Ozean
6%
Cayman-Islands
6%
Celebessee
6%
Ceuta
6%
Clipperton-Insel
6%
Cookstraße
6%
Dagestan
6%
Dänemarkstraße
6%
Dardanellen
6%
Darfur
6%
Davissee
6%
Donezk
6%
Drakestraße
6%
Europäisches Nordmeer
6%
Falklandinseln
6%
Färöer-Inseln
6%
Finnischer Meeresbusen
6%
Floressee
6%
Floridastraße
6%
Französische Süd- und Antarktisgebiete
6%
Fundy-Bucht
6%
Galapagosinseln
6%
Gibraltar
6%
Golf von Akaba
6%
Golf von Alaska
6%
Golf von Cadiz
6%
Golf von Cádiz
6%
Golf von Carpentaria
6%
Golf von Honduras
6%
Golf von Maine
6%
Golf von Oman
6%
Golf von Suez
6%
Golf von Tomini
6%
Golf von Tonkin
6%
Golf von Venedig
6%
Golf von Venezuela
6%
Große Australische Bucht
6%
Guernsey
6%
Hala'ib-Dreieck
6%
Halmhaherasee
6%
Heard und McDonaldinseln
6%
Hudson-Bucht
6%
Hudsonstraße
6%
Ilemi-Dreieck
6%
Irische See
6%
Isle of Man
6%
James-Bucht
6%
Jammu und Kashmir
6%
Jan Mayen
6%
Jersey
6%
Johnston-Atoll
6%
Juan-Fernández-Inseln
6%
Kanarische Inseln
6%
Karasee
6%
Katalonien
6%
Keltische See
6%
Kingmanriff
6%
Kokosinsel
6%
Korallenmeer
6%
Kurdistan
6%
Labradorsee
6%
Lakkadivensee
6%
Laptewsee
6%
Levantisches Meer
6%
Lincolnsee
6%
Linguirisches Meer
6%
Lord-Howe-Insel
6%
Luhansk
6%
Macau
6%
Madeira
6%
Marmarameer
6%
Martinique
6%
Melilla
6%
Molukkensee
6%
Montserrat
6%
Nördliche Marianen
6%
Nordzypern
6%
Norfolkinsel
6%
Ochotskisches Meer
6%
Osterinsel
6%
Ostsibirisches Meer
6%
Palmyra Atoll
6%
Philippinensee
6%
Pitcairninseln
6%
Rigaischer Meeresbusen
6%
Río de la Plata
6%
Saba
6%
Salische See
6%
Sankt-Lorenz-Golf
6%
Saragossosee
6%
Sawusee
6%
Schottische See
6%
Scotiasee
6%
Seramsee
6%
Seto-Inlandsee
6%
Sint Eustatius
6%
Somaliland
6%
Straße von Kertsch
6%
Straße von Makassar
6%
Straße von Messina
6%
Straße von Singapur
6%
Südgeorgien und die Südlichen Sandwichinseln
6%
Südlicher Ozean
6%
Südossetien
6%
Sulusee
6%
Taiwanstraße
6%
Timorsee
6%
Tokelau
6%
Transnistrien
6%
Tristan da Cunha
6%
Tschetschenien
6%
Tschuktschensee
6%
Turks- und Caicosinseln
6%
Tyrrhenisches Meer
6%
Wallis und Futuna
6%
Weihnachtsinsel
6%
Dschbuti
0%
Salomonensee
0%
Keine übereinstimmenden Quizze gefunden
Verteilung der Resultate
Anzahl Personen mit jedem Resultat
Perzentil nach korrekt beantworteten Fragen
Ihre Resultats-Entwicklung
Sie haben dieses Quiz noch nicht gespielt